Statistics for Milan Metro

Click here to take the quiz!

General Stats

  • This quiz has been taken 106 times
  • The average score is 65 of 106

Answer Stats

LinesStop% Correct
M1/M3Duomo
97%
M1Rho
89%
M2/M5Garibaldi
86%
M2/M3Centrale
84%
M3/M5Zara
84%
M1/M2Loreto
80%
M1San Babila
80%
M1/M2Cadorna
79%
M1Porta Venezia
79%
M3san Donato
76%
M2Assago Milanofiori Forum
74%
M2San Ambrogio
74%
M5san Siro Stadio
74%
M1Cairoli
73%
M2Piola
71%
M2Porta Genova
71%
M1/M5Lotto
70%
M3Porta Romana
70%
M1Bisceglie
69%
M3Comasina
69%
M1Cordusio
69%
M2Gioia
69%
M2Lambrate
69%
M1Pero
67%
M5san Siro Ippodromo
67%
M2Abbiategrasso
66%
M5Bicocca
66%
M5Bignami Parco Nord
66%
M2Cascina Gobba
66%
M5Gerusalemme
66%
M2Gessate
66%
M2Lanza
66%
M3Lodi TIBB
66%
M3Montenapoleone
66%
M5Tre Torri
66%
M1Conciliazione
64%
M3Crocetta
64%
M3Missori
64%
M2Moscova
64%
M1Palestro
64%
M1Qt8
64%
M2Caiazzo
63%
M5Isola
63%
M1Lampugnano
63%
M1Lima
63%
M5Monumentale
63%
M3Repubblica
63%
M3Turati
63%
M3Affori
61%
M1Bande Nere
61%
M2Cologno Nord
61%
M3Maciachini
61%
M3Rogoredo
61%
M1Rovereto
61%
M2San Agostino
61%
M2Udine
61%
M1Villa san Giovanni
61%
M1Wagner
61%
M3Corvetto
60%
M5Domodossola
60%
M2Gorgonzola
60%
M1Molino Dorino
60%
M2Famagosta
59%
M1Uruguay
59%
M1Pagano
57%
M1Precotto
57%
M3Affori Centro
56%
M1Amendola
56%
M3Brenta
56%
M2Crescenzago
56%
M3Dergano
56%
M1Inganni
56%
M1Pasteur
56%
M3Porto di Mare
56%
M2Romolo
56%
M1Sesto Marelli
56%
M3Sondrio
56%
M1Turro
56%
M2Cologno Sud
54%
M1Gorla
54%
M1Sesto 1 Maggio
54%
M2Cologno Centro
53%
M5Istria
53%
M5Marche
53%
M5Cenisio
51%
M1De Angeli
51%
M1Sesto Rondò
51%
M2Assago Milanofiori nord
50%
M2Cimiano
50%
M5Ponale
50%
M1Primaticcio
50%
M1san Leonardo
50%
M1Bonola
49%
M2Cassina de'Pecchi
49%
M1Gambara
49%
M5Segesta
47%
M5Ca' Granda
46%
M5Portello
44%
M2Cernusco sul Naviglio
43%
M1Bonarroti
41%
M2Cascina Antonietta
40%
M2Cascina Burrona
40%
M2Villa Fiorita
40%
M2Villa Pompea
39%
M2Vimodrone
39%
M2Bussero
37%

Score Distribution

Percentile by Number Answered

Percent of People with Each Score

Your Score History

You have not taken this quiz